Úplné znenie zákona č. 563/1991 Zb. o účtovníctve ...

Úplné znenie zákona č. 563/1991 Zb. o účtovníctve v znení neskorších zákonov a zákona č. 336/1999 Z.z., ktorý nadobúda účinnosť 1. januára 2000.

Salvato in:
Dettagli Bibliografici
Natura: Capitolo di libro
Lingua:slovacco
Soggetti:
Tags: Aggiungi Tag
Nessun Tag, puoi essere il primo ad aggiungerne!!

MARC

LEADER 00000naa a2200000 4500
001 r037504
005 20231003083542.3
041 0 |a slo 
044 |a SK 
245 1 0 |a Úplné znenie zákona č. 563/1991 Zb. o účtovníctve ... 
520 |a Úplné znenie zákona č. 563/1991 Zb. o účtovníctve v znení neskorších zákonov a zákona č. 336/1999 Z.z., ktorý nadobúda účinnosť 1. januára 2000. 
610 2 0 |a účtovníctvo 
610 2 0 |a zákony 
610 2 0 |a Slovensko 
610 2 0 |a novelizácia 
610 2 0 |a 1991-1999